Normal view
MARC view
- إعداد فياض، ليلى مليحة
Entry Personal Name
001 - CONTROL NUMBER
- control field: 36591
003 - CONTROL NUMBER IDENTIFIER
- control field: JO-AjAnu
005 - DATE AND TIME OF LATEST TRANSACTION
- control field: 20230606080116.0
008 - FIXED-LENGTH DATA ELEMENTS
- fixed length control field: 230606|| aca||aabn | a|a d
040 ## - CATALOGING SOURCE
- Original cataloging agency: JO-AjAnu
- Transcribing agency: JO-AjAnu
100 ## - HEADING--PERSONAL NAME
- Personal name: إعداد فياض، ليلى مليحة
670 ## - SOURCE DATA FOUND
- Source citation: Work cat.: (JO-AjAnu)18784: إعداد فياض، ليلى مليحة, author, كيف تكتب رسائلك بالفرنسية